000
00249nam a2200109Ia 4500
008
190216s9999||||xx |||||||||||||| ||und||
100
_a
Null
245
0
_a
Hindi-Bharathiya Sambrthi
260
_b
Prabhakar Publications
300
_a
140
942
_c
BK
999
_c
17230
_d
17230